000 00590nam a22002057a 4500
005 20220118114448.0
008 220118b ||||| |||| 00| 0 eng d
020 _a9789354955907
040 _cAL
041 _aEng
082 _223
_a338.954
_bCHAP
100 _aChandrashekar T C
_913523
245 _aPre-Reforms Indian Economy
260 _aMumbai
_bHimalaya Publishing House
_c2022
300 _a245 p.
_bPB
_c24x18 cm.
365 _a5226
_b₹200.00
_c
_d₹250.00
_e20%
_f17-01-2022
650 _aIndian Economy
_913524
700 _aCHANDRASHEKAR (T C)
_913525
942 _2ddc
_cBK
999 _c221231
_d221231